01445nam a2200349 a 450000100060000000300090000600800410001502000180005604000280007404100080010208200180011024501150012825000110024326000330025430000110028750000710029865000270036965000250039665000390042165100510046070000270051170000320053870000680057070000350063870000300067370002710070370000210097470000270099570000230102270000250104570000250107025613CO-ViMGA141112s2004 ck r 000 u spa d a9789587049664 aCO-ViMGAbspacCO-ViMGA aSPA04a070.44861 A5710aAntología de notas ligeras colombianas / cselección y prólogo de Maryluz Vallejo y Daniel Samper Pizano a1a ed. aBogotá : bAguilar, c2011 a502 p. aIncluye dato biográficos de los autores en las solapas del libro14aANTOLOGIAS LITERARIAS 14aAUTORES COLOMBIANOS 14aLITERATURA COLOMBIANA - ANTOLOGIAS aCOLOMBIA - VIDA SOCIAL Y COSTUMBRES - CRONICAS1 aCarrasquilla, Tomás 1 aQuijano Mantilla, Joaquín1 aSamper Pizano, Daniel, 1945 - Vallejo Mejía, Maryluz, 1961 - 1 aSánchez de Iriarte, Alberto 1 aSilva, José Asunción 1 aSilva, José Asunción, 1865 - 1896 Soto Borda, Clímaco, 1870 - 1919 Vives Guerra, Julio Villafañe, Carlos Carrasquilla, Tomás, 1858 - 1940 Sánchez de Iriarte, Alberto Solano, Armando, 1887 - 1953 Tejada Cano, Luis, 1898 - 1924 Quijano Mantilla, Joaquín 1 aSolano, Armando 1 aSoto Borda, Clímaco 1 aTejada Cano, Luis 1 aVillafañe, Carlos 1 aVives Guerra, Julio